000 00432nam a22001457a 4500
082 _a624.04
_bCHA
_cMCE-L-38, P-66
100 _aChakroborty, Partha
_920982
245 _aPrincipals of transportation engineering
_cChakroborty, Partha
250 _a2nd ed.
260 _aNew Delhi
_bPrentice Hall of India
_c2018
300 _axvi, P-544
_bill
526 _a0
_b0
_c0
_d624_040000000000000_CHA
650 _aMCE
_9379
942 _2ddc
_cBK
999 _c554227
_d554227